000 00371nam a2200145Ia 4500
008 191201s2005 xx 000 0 und d
082 _a005.82
_bKAC
100 _aKAHATE, Atul
245 0 _aCryptography and Network Security
250 _a4th
260 _aN.Delhi
_bTata mc Graw Hill Pubg. co. Ltd
_c2005
300 _a498
650 _aB.Tech(ECE)
942 _2ddc
_cBK
_01
999 _c2367
_d2367